| 000 | 00479nam a2200181Ia 4500 | ||
|---|---|---|---|
| 008 | 191130s2006##################000#0#eng## | ||
| 020 | _a9788179927588 | ||
| 040 |
_aACL _cACL |
||
| 082 | _a658.049 BEC | ||
| 100 | _aBecker, Kip | ||
| 245 |
_aInternational business and culture _cKip Becker |
||
| 260 |
_aMumbai _bJaico Publishing House _c2006 |
||
| 300 | _a172 p | ||
| 650 | _aBusiness | ||
| 990 | _ac067c0f5ac10000c0aa384d051c2a0f2 | ||
| 991 | _a356486 | ||
| 999 |
_c217591 _d217591 |
||